<?xml version="1.0" encoding="UTF-8"?>
<collection xmlns="http://www.loc.gov/MARC21/slim">
<record>
  <controlfield tag="001">4765</controlfield>
  <controlfield tag="005">20200204141850.0</controlfield>
  <datafield tag="037" ind1=" " ind2=" ">
    <subfield code="a">CTALK-2020-0104</subfield>
  </datafield>
  <datafield tag="100" ind1=" " ind2=" ">
    <subfield code="a">Van Daele, Maarten</subfield>
  </datafield>
  <datafield tag="245" ind1=" " ind2=" ">
    <subfield code="a">Intraslab versus megathrust earthquakes: spectral characteristics result in distinct lacustrine deposits</subfield>
  </datafield>
  <datafield tag="260" ind1=" " ind2=" ">
    <subfield code="c">2019</subfield>
  </datafield>
  <datafield tag="269" ind1=" " ind2=" ">
    <subfield code="c">2019-04-26</subfield>
  </datafield>
  <datafield tag="520" ind1=" " ind2=" ">
    <subfield code="a">Subduction zone seismicity arises from megathrust, crustal and intraslab earthquakes,  and  understanding  the  recurrence  patterns  of  each  type  is  crucial  for  hazard  assessments.  Specifically  intraslab  earthquakes  have  recently  proven  to  pose a significant hazard along subduction zones, as evidenced by the destructive September 2017 Chiapas Mw 8.2 (Mexico) earthquake and the recent November 30  2018  Mw  7.0  Anchorage  (Alaska)  earthquake.  Interestingly,  intraslab  earthquakes  have  a  higher-frequency  source  spectrum  then  megathrust  earthquakes  as  a  result  of  the  higher  stress  drop  for  a  given  magnitude.  Here  we  compare  acceleration  response  spectra  of  recent  and  historical  intraslab  and  megathrust  earthquakes along a longitudinal profile in central Chile and show that this difference  in  source  frequency  spectrum  increases  when  moving  land  inward  (e.g., towards  the  Andes  in  South  America).  We  further  illustrate  how  these  differ-ent  response  spectra  provide  an  opportunity  for  lacustrine  paleoseismology,  as  higher-frequency  accelerations  from  intraslab  earthquakes  are  hardly  attenu-ated  in  rocks  of  a  lake’s  watershed,  whereas  lower-frequency  accelerations  from  megathrust earthquakes are amplified in soft lake sediments. We indeed observe this in Lo Encañado Lake, located in the central Chilean Andes, where megathrust  earthquakes  merely  trigger  subaquatic  (soft  sediment)  slope  failures,  while  intraslab earthquakes also trigger subaerial rock slides/avalanches, resulting in an additional  postseismic  turbidite  in  the  lake.  We  conclude  that  lakes  may  be  the  only  geological  archives  that  hold  intraslab  paleoseismic  records,  and  that  lakes  in other subduction zones (e.g., Cascadia) may hold similar records. Combining this  kind  of  lacustrine  records  with  coastal  and  deep-marine  paleoseismology  will  permit  the  construction  of  recurrence  models  for  the  different  seismogenic  sources, and to evaluate the temporal correlations among them, thereby improving hazard assessments.</subfield>
  </datafield>
  <datafield tag="594" ind1=" " ind2=" ">
    <subfield code="a">NO</subfield>
  </datafield>
  <datafield tag="700" ind1=" " ind2=" ">
    <subfield code="a">Vanneste, Kris</subfield>
  </datafield>
  <datafield tag="700" ind1=" " ind2=" ">
    <subfield code="a">Moernaut, Jasper</subfield>
  </datafield>
  <datafield tag="700" ind1=" " ind2=" ">
    <subfield code="a">Araya-Cornejo, Cristian</subfield>
  </datafield>
  <datafield tag="700" ind1=" " ind2=" ">
    <subfield code="a">Pille, Thomas</subfield>
  </datafield>
  <datafield tag="700" ind1=" " ind2=" ">
    <subfield code="a">Schmidt, Sabine</subfield>
  </datafield>
  <datafield tag="700" ind1=" " ind2=" ">
    <subfield code="a">Kempf, Philipp</subfield>
  </datafield>
  <datafield tag="700" ind1=" " ind2=" ">
    <subfield code="a">Meyer, Inka</subfield>
  </datafield>
  <datafield tag="700" ind1=" " ind2=" ">
    <subfield code="a">Cisternas, Marco</subfield>
  </datafield>
  <datafield tag="773" ind1=" " ind2=" ">
    <subfield code="t">Seismological Society of America Annual Meeting 20019, Seattle, USA</subfield>
  </datafield>
  <datafield tag="856" ind1="0" ind2=" ">
    <subfield code="f">kris.vanneste@observatoire.be</subfield>
  </datafield>
  <datafield tag="906" ind1=" " ind2=" ">
    <subfield code="a">Contributed</subfield>
  </datafield>
  <datafield tag="980" ind1=" " ind2=" ">
    <subfield code="a">CTALKCONT</subfield>
  </datafield>
</record>
</collection>